Determinants of Capital Structure: Empirical Evidence from Slovakia

Gespeichert in:
Bibliographische Detailangaben
1. Verfasser: Režňáková, Mária
Weitere Verfasser: Svoboda, Petr, Polednáková, Anna, 1957-
Format: Buchkapitel
Sprache:Englisch
Schlagworte:
Tags: Tag hinzufügen
Keine Tags, Fügen Sie das erste Tag hinzu!

MARC

LEADER 00000naa$a2200000$$$4500
001 0114420
005 20240502072257.0
041 0 |a eng 
044 |a SK 
245 1 0 |a Determinants of Capital Structure: Empirical Evidence from Slovakia  |c Mária Režňáková, Petr Svoboda, Anna Polednáková 
610 2 0 |a štruktúra kapitálová 
610 2 0 |a cash flow 
610 2 0 |a teórie ekonomické 
610 2 0 |a investovanie 
610 2 0 |a teória finančná 
100 1 |a Režňáková, Mária 
700 1 |a Svoboda, Petr 
700 1 |a Polednáková, Anna, 1957-